00452nam a22001457a 4500020001800000040000900018082001200027100002400039245003200063260004100095650003800136942001200174999001900186952010100205 a9784766116304 cNUST a747 SUP aUra, Kazuya9110093 a Super Interior Renovations aTokyo, bArchitectural Press,c2005. aInterior Decoration Japan9110094 2ddccBK c593614d593614 00102ddc4070aCEMEbCEMEcGENd2023-03-09l0o747 SUPpCEME-50523r2023-03-09w2023-03-09yBK